Statistics for World Capitals with One Word and Two I's

Click here to take the quiz!

General Stats

  • This quiz has been taken 34 times
  • The average score is 10 of 18

Answer Stats

ContinentCountry% Correct
South AmericaBrasilia
86%
AsiaBeijing
83%
EuropeHelsinki
76%
AsiaTbilisi
72%
EuropeChișinău
62%
AsiaDili
59%
AfricaTripoli
59%
EuropeVilnius
59%
AsiaVientiane
55%
OceaniaPalikir
52%
AfricaDjibouti
48%
AfricaNairobi
48%
EuropePristina
48%
AfricaKigali
45%
AsiaTaipei
45%
AfricaVictoria
45%
AfricaLibreville
41%
AsiaNicosia
34%

Score Distribution

Percentile by Number Answered

Percent of People with Each Score

Your Score History

You have not taken this quiz